00289nam a2200109Ia 4500008004100000041000800041082001500049100001700064245003200081260003500113300003100148240624s9999 xx 000 0 und d aeng a658.81 MAC aMACTEAR JOHN aFAST TRACK TO SUCCESS SALES c2009aLondonbFT Prentice Hall axix, : 212 : p. : cm. ; 23